Medal-Winning Non-Jetpunk Countries at 2018 Commonwealth Games - Statistics

General Stats
  • This quiz has been taken 33 times
  • The average score is 6 of 9
Answer Stats
rank gold silver bronze country % Correct
2 45 45 46 England
97%
7 10 12 14 Wales
97%
8 9 13 22 Scotland
93%
20 1 7 4 Northern Ireland
86%
26= 1 0 0 Bermuda
79%
26= 1 0 0 British Virgin Islands
59%
34= 0 1 0 Isle of Man
59%
39= 0 0 1 Cook Islands
55%
39= 0 0 1 Norfolk Island
24%
No matching quizzes found
Score Distribution
Percent of People with Each Score
Percentile by Number Answered
Your Score History
You have not taken this quiz